书目信息 |
| 题名: |
长篇传记小说 音乐大师贝多芬
|
|
| 作者: | 郑孝时 著 | |
| 分册: | ||
| 出版信息: | 郑州 河南人民出版社 1995.12 |
|
| 页数: | 319页 | |
| 开本: | 32开 | |
| 丛书名: | ||
| 单 册: | ||
| 中图分类: | K516.576 | |
| 科图分类: | ||
| 主题词: | 东欧--历史 , 中欧--历史 | |
| 电子资源: | ||
| ISBN: | 7-215-03371-6 | |
| 000 | 00619nam0 2200205 45 | |
| 001 | 0007251675 | |
| 005 | 20000725164451.5 | |
| 010 | @a7-215-03371-6@d16.50元 | |
| 100 | @a20000725d1995 km y0chiy0120 ea | |
| 101 | 0 | @achi |
| 105 | @a z 000yy | |
| 200 | 1 | @a长篇传记小说 音乐大师贝多芬@AChang Pian Zhuan Ji Xiao Shuo Yin Yue Da Shi Bei DuoFen@f郑孝时 著@FZheng Xiao Shi Zhu |
| 210 | @a郑州@c河南人民出版社@d1995.12 | |
| 215 | @a319页@d32开 | |
| 606 | 0 | @a东欧@x历史 |
| 606 | 0 | @a中欧@x历史 |
| 690 | @aK516.576@v3 | |
| 701 | 0 | @a郑孝时@4著 |
| 801 | @aCN@bPftUser@c20000725 | |
| 905 | @b78141-145@dK516.576@eZH798@f5 | |
| 长篇传记小说 音乐大师贝多芬/郑孝时 著.-郑州:河南人民出版社,1995.12 |
| 319页;32开 |
| ISBN 7-215-03371-6:16.50元 |
| ● |
| 相关链接 |
|
|
|
正题名:长篇传记小说音乐大师贝多芬
索取号:K516.576/ZH798
 
预约/预借
| 序号 | 登录号 | 条形码 | 馆藏地/架位号 | 状态 | 备注 |
| 1 | 78141 | 200781412 | 社科库309/309社科库 40排5列6层/ [索取号:K516.576/ZH798] | 在馆 | |
| 2 | 78142 | 200781421 | 自科二线404/309社科库 44排2列2层/ [索取号:K516.576/ZH798] | 在馆 | |
| 3 | 78143 | 200781430 | 社科库309/309社科库 40排5列6层/ [索取号:K516.576/ZH798] | 在馆 | |
| 4 | 78144 | 200781449 | 自科二线404/400A自科库 18排1列1层/ [索取号:K516.576/ZH798] | 在馆 | |
| 5 | 78145 | 200781458 | 社科库309/309社科库 40排5列6层/ [索取号:K516.576/ZH798] | 在馆 |